| 000 | 00654nam a2200193 i 4500 | ||
|---|---|---|---|
| 001 | 12069 | ||
| 003 | ES-MaACL | ||
| 005 | 20230906150232.0 | ||
| 007 | t| | ||
| 008 | 970303b1918 sp b |||| | spa d | ||
| 080 | _a017.42(460.27 M.) | ||
| 110 | 2 |
_aJunta para la Ampliación de Estudios e Investigaciones Científicas. _95413 |
|
| 245 | 1 | 0 | _aCatálogo de publicaciones, 1918. |
| 260 |
_a[Madrid] : _bJunta para Ampliación de Estudios, _c[1918?] |
||
| 300 |
_a63 p. ; _c23 cm. |
||
| 500 | _aÍndice. | ||
| 610 | 2 |
_aJunta para la Ampliación de Estudios e Investigaciones Científicas- _xPublicaciones- _vCatálogos. _95414 |
|
| 852 |
_aES-MaACL _jC-7508 |
||
| 999 |
_c12069 _d12069 |
||